00954nam a2200229Ia 4500003000900000008004100009020001800050040001600068080002300084111007900107245027400186260003700460300001600497490002700513650004100540650002100581650001900602700002300621700002000644700002300664710003700687IN-BaIIA211028s9999 xx 000 0 eng d a0-7923-1159-0 cIIA Library a082.2:52bIAU-S147 aSymposium of the International Astronomical UnioncFranced1990 June 12-16 0aFragmentation of molecular clouds and star formationbproceedings of the 147th symposium of the International Astronomical Union held in Grenlobe, France June 12-16, 1990cedited by E. Falgarone, Boulanger, F. and Duvert, G.  aDordrechtbKluwer Academicc1991 axxiv, 543p. aIAU Symposium; no. 147 aAstronomy and Astrophysics Thesaurus aMolecular clouds aStar formation aBoulanger, F., ed. aDuvert, G., ed. aFalgarone, E., ed. aInternational Astronomical Union